| 000 | 00432nam a2200145 a 4500 | ||
|---|---|---|---|
| 001 | 000028490 | ||
| 005 | 20200930054955.0 | ||
| 008 | 110408s2010 dr r 000 0 spa d | ||
| 040 |
_aDO-SdBNP _bspa _cBNPHU |
||
| 082 |
_axxxx _bB276c |
||
| 100 | 1 |
_aBarriuso, Angel _914294 |
|
| 245 | 1 | 0 |
_aComunicar con un pensamiento estratégico / _cAngel Barriuso. |
| 260 |
_aSanto Domingo : _bEditora Mediabyte, _c2010. |
||
| 300 |
_a175 p. ; _c23 cm. |
||
| 999 |
_c27982 _d27982 |
||